[Event "Netanya Open 2019"]
[Site "Netanya ISR"]
[Date "2019.07.02"]
[Round "9.43"]
[White "Kushnir, Arie"]
[Black "Shvayger, Yuliya"]
[Result "0-1"]
[BlackTitle "IM"]
[WhiteElo "1665"]
[BlackElo "2361"]
[WhiteFideId "2832518"]
[BlackFideId "14100126"]
[EventDate "2019.06.23"]

1. e4 c5 2. Nf3 Nc6 3. d4 cxd4 4. Nxd4 Qb6 5. Nb5 a6 6. Be3 Qa5+ 7. N5c3 e6 8.
Nd2 b5 9. Nb3 Qc7 10. Qd2 Nf6 11. f3 Ne5 12. Be2 Nc4 13. Bxc4 bxc4 14. Nd4 Bb7
15. Na4 d5 16. e5 Qxe5 17. O-O-O Qc7 18. Rhe1 Bc6 19. Bf4 Qb7 20. Qa5 Bxa4 21.
Qxa4+ Qd7 22. Qa5 Be7 23. Qb6 O-O 24. Nc6 Bd6 25. Be5 Rfc8 26. Nb4 Bxe5 27. Rxe5
Rab8 28. Qa5 Qd6 29. Nxa6 Qxe5 0-1

[Event "Netanya Open 2019"]
[Site "Netanya ISR"]
[Date "2019.07.02"]
[Round "9.44"]
[White "Feldman, Antony"]
[Black "Karp, Michael"]
[Result "1-0"]
[BlackTitle "FM"]
[WhiteElo "1972"]
[BlackElo "2194"]
[WhiteFideId "2804565"]
[BlackFideId "2802481"]
[EventDate "2019.06.23"]

1. e4 e5 2. Nc3 Nf6 3. g3 Bc5 4. Bg2 a6 5. Nge2 Nc6 6. O-O d6 7. d3 Be6 8. h3
Qd7 9. Kh2 h5 10. Nd5 Bxd5 11. exd5 Ne7 12. d4 exd4 13. Nxd4 O-O-O 14. c4 Kb8
15. b4 Bxd4 16. Qxd4 Qf5 17. Kg1 Rhe8 18. Be3 Nc8 19. b5 a5 20. b6 cxb6 21. Rab1
Nd7 22. Qxg7 f6 23. Qh6 Re5 24. Rb2 Rde8 25. Qf4 Qd3 26. Rfb1 Kc7 27. Qd4 Qg6
28. Kh2 Nc5 29. Bf4 Re1 30. Rxb6 Rxb1 31. Qxc5+ Kb8 32. Rxd6 Ka8 33. Qxa5+ 1-0

[Event "Netanya Open 2019"]
[Site "Netanya ISR"]
[Date "2019.07.02"]
[Round "9.45"]
[White "Vagman, Roy"]
[Black "Levi, Netanel"]
[Result "0-1"]
[WhiteElo "1904"]
[BlackElo "2143"]
[WhiteFideId "2828995"]
[BlackFideId "2815400"]
[EventDate "2019.06.23"]

1. e4 c5 2. Ne2 Nc6 3. Nbc3 g6 4. d4 cxd4 5. Nxd4 Bg7 6. Nde2 h5 7. Be3 Nf6 8.
h3 b5 9. a3 O-O 10. Nf4 a6 11. Be2 Bb7 12. Nd3 d6 13. O-O Na5 14. Bf3 Nc4 15.
Bg5 Nh7 16. Bd2 Rc8 17. Bc1 Nxb2 18. Nxb2 Rxc3 19. Ra2 d5 20. e5 Bxe5 21. Nd3
Bf6 22. Nf4 Rxf3 23. Qxf3 e5 24. Ne2 e4 25. Qg3 h4 26. Qe3 d4 27. Qd2 e3 28.
fxe3 Qd5 29. Nxd4 Qxa2 30. Qe1 Qd5 31. Nf3 Ng5 32. e4 Nxf3+ 33. Rxf3 Bd4+ 34.
Kh1 Qxe4 35. Qf1 Qxc2 36. Rf4 Rc8 37. Rxd4 Qxc1 38. Rd1 Qxa3 39. Kg1 Rc2 40.
Rd8+ Kg7 41. Rd3 Qc5+ 0-1

[Event "Netanya Open 2019"]
[Site "Netanya ISR"]
[Date "2019.07.02"]
[Round "9.46"]
[White "Brenner, Moshe"]
[Black "Leib, Daniel"]
[Result "1-0"]
[WhiteElo "2098"]
[BlackElo "1897"]
[WhiteFideId "2805138"]
[BlackFideId "2823195"]
[EventDate "2019.06.23"]

1. d4 d5 2. Nf3 Nf6 3. g3 e6 4. Bg2 c5 5. O-O Nc6 6. b3 b6 7. Bb2 Be7 8. c4 Bb7
9. dxc5 bxc5 10. cxd5 exd5 11. Nc3 O-O 12. Rc1 Nb4 13. a3 d4 14. Na4 Na6 15. Qd3
Qa5 16. Nd2 Bxg2 17. Kxg2 Rab8 18. Rfd1 Qb5 19. Qf3 Rfd8 20. Nc4 Qxb3 21. Qxb3
Rxb3 22. Na5 Rb5 23. Nc6 Re8 24. Nxa7 Ra5 25. Nb6 Nb8 26. Nac8 Bf8 27. Rc2 Nbd7
28. Bc1 Ra6 29. Rb2 Rxa3 30. Bf4 Ra6 31. e3 Nxb6 32. Nxb6 Nh5 33. Nc4 Nxf4+ 34.
gxf4 dxe3 35. fxe3 Ra4 36. Rc2 g6 37. Kf3 Rb8 38. Rd7 Rab4 39. Rd5 Rb1 40. Ne5
R1b5 41. h4 R8b7 42. h5 Rc7 43. Rd8 Rbb7 44. Rcd2 c4 45. Nd7 c3 46. Nxf8 Kg7 47.
Rc2 Rb2 48. Rc1 Rd2 49. Ne6+ fxe6 50. Rxd2 1-0

[Event "Netanya Open 2019"]
[Site "Netanya ISR"]
[Date "2019.07.02"]
[Round "9.47"]
[White "Parnes, Nadav"]
[Black "Sheinkman, Lidan"]
[Result "1/2-1/2"]
[WhiteElo "2066"]
[BlackElo "1874"]
[WhiteFideId "2818752"]
[BlackFideId "2818515"]
[EventDate "2019.06.23"]

1. e4 c5 2. Nf3 d6 3. d4 cxd4 4. Nxd4 Nf6 5. Nc3 a6 6. Be2 e6 7. a4 Be7 8. O-O
b6 9. f4 Bb7 10. Bf3 Nbd7 11. Kh1 Rc8 12. Qe1 Rc4 13. e5 Nd5 14. Nxe6 fxe6 15.
exd6 N7f6 16. dxe7 Qxe7 17. Nxd5 Bxd5 18. Bxd5 exd5 19. Qxe7+ Kxe7 20. c3 d4 21.
Bd2 Rd8 22. cxd4 Rdxd4 23. Be3 Rd3 24. Rf3 Kf7 25. Bxb6 Rxf3 26. gxf3 Rb4 27.
Bc5 Rxb2 28. Bd4 1/2-1/2

[Event "Netanya Open 2019"]
[Site "Netanya ISR"]
[Date "2019.07.02"]
[Round "9.48"]
[White "Shetah, Roi"]
[Black "Zhimalov, Adam"]
[Result "0-1"]
[WhiteElo "1871"]
[BlackElo "2044"]
[WhiteFideId "2820323"]
[BlackFideId "2816113"]
[EventDate "2019.06.23"]

1. e4 c5 2. Nf3 d6 3. d4 cxd4 4. Nxd4 Nf6 5. Nc3 a6 6. Be2 e6 7. O-O Qc7 8. Be3
b5 9. f3 Be7 10. Qd2 Nbd7 11. Rfd1 O-O 12. Bf1 Rd8 13. Qf2 b4 14. Na4 d5 15.
exd5 Nxd5 16. Nf5 Bf8 17. Rxd5 exd5 18. Nb6 Rb8 19. Nxd5 Qe5 20. Qh4 Qxd5 21.
Nxg7 Nf6 22. Qxf6 Bxg7 23. Qh4 Bf5 24. Bc4 Qd7 0-1

[Event "Netanya Open 2019"]
[Site "Netanya ISR"]
[Date "2019.07.02"]
[Round "9.49"]
[White "Stolyarsky, Yegor"]
[Black "Yusupoff, Yoav"]
[Result "0-1"]
[WhiteElo "2007"]
[BlackElo "1874"]
[WhiteFideId "2814595"]
[BlackFideId "2821206"]
[EventDate "2019.06.23"]

1. d4 d5 2. Nf3 Nf6 3. e3 Bg4 4. c4 e6 5. Qb3 Qc8 6. Ne5 Bf5 7. Nc3 c6 8. Be2
Nbd7 9. g4 Nxe5 10. gxf5 dxc4 11. Qd1 Nd3+ 12. Bxd3 cxd3 13. fxe6 Qxe6 14. Qxd3
O-O-O 15. e4 Bb4 16. f3 Rhe8 17. a3 Bxc3+ 18. bxc3 Qh3 19. Qf1 Rxe4+ 20. Kd2 Rh4
21. Qxh3+ Rxh3 22. Ke2 Re8+ 23. Kf2 Nd5 24. Bd2 Re6 25. Kg2 Rh5 26. Rae1 Rxe1
27. Rxe1 Kd7 28. c4 Nb6 29. Bb4 Nc8 30. Kg3 g6 31. h3 a5 32. Bf8 Rf5 33. Re2 h5
34. Rb2 b5 35. cxb5 Rxb5 36. Re2 Rd5 37. Bc5 Nd6 38. Kf4 g5+ 39. Ke3 Nb7 40. Ba7
c5 41. dxc5 Nxc5 42. Rd2 Rxd2 43. Kxd2 Kc6 44. Ke3 f5 45. Bb8 Kd5 46. h4 g4 47.
fxg4 hxg4 48. h5 Ne6 49. h6 Nf8 50. Kf4 Ke6 51. Kg5 a4 52. Bh2 Nh7+ 53. Kg6 Nf8+
54. Kg5 Nh7+ 55. Kg6 Nf8+ 56. Kg7 Ke7 57. Bg3 f4 58. h7 Nxh7 59. Bh4+ Ke6 60.
Kxh7 Kf5 61. Kh6 Ke4 62. Kg5 Kf3 63. Kf5 g3 64. Be7 g2 65. Bc5 Kg3 66. Ke4 f3
67. Bd6+ Kf2 68. Kf4 Kf1 69. Bc5 f2 0-1

[Event "Netanya Open 2019"]
[Site "Netanya ISR"]
[Date "2019.07.02"]
[Round "9.50"]
[White "Uritsky, Yonathan"]
[Black "Lifshits, Raz"]
[Result "1-0"]
[WhiteElo "1984"]
[BlackElo "1751"]
[WhiteFideId "2825651"]
[BlackFideId "2812894"]
[EventDate "2019.06.23"]

1. c4 g6 2. g3 Bg7 3. Bg2 d6 4. Nc3 e5 5. Nf3 Ne7 6. d4 O-O 7. O-O Nbc6 8. dxe5
dxe5 9. Nd2 f5 10. b3 e4 11. Bb2 Ne5 12. Re1 Ng4 13. Nf1 Bd4 14. e3 Bg7 15. Qxd8
Rxd8 16. Rad1 Rxd1 17. Rxd1 Ne5 18. Nb5 Nf3+ 19. Bxf3 Bxb2 20. Nxc7 Rb8 21. Be2
Be5 22. Nb5 Be6 23. Nd4 Bf7 24. f4 Bf6 25. g4 Rd8 26. Ng3 Bxd4 27. exd4 Kg7 28.
d5 b6 29. d6 Nc8 30. gxf5 Rxd6 31. fxg6 Rxg6 32. Kf2 Rf6 33. Ke3 Bg6 34. f5 Bf7
35. Nxe4 Rxf5 36. Bg4 Ne7 37. Bxf5 Nxf5+ 38. Kf4 Be6 39. Ng5 Bc8 40. Rg1 Kh6 41.
Nf7+ Kh5 42. Rg5+ Kh4 43. Rxf5 1-0

[Event "Netanya Open 2019"]
[Site "Netanya ISR"]
[Date "2019.07.02"]
[Round "9.51"]
[White "Sherman, Reem"]
[Black "Neeman, Gal"]
[Result "1-0"]
[WhiteElo "1978"]
[BlackElo "1661"]
[WhiteFideId "2822288"]
[BlackFideId "2826810"]
[EventDate "2019.06.23"]

1. e4 c5 2. Nf3 e6 3. d4 cxd4 4. Nxd4 Nc6 5. Nxc6 bxc6 6. Nc3 d5 7. exd5 cxd5 8.
Qd4 Nf6 9. Bf4 Bd7 10. Bd3 Qa5 11. O-O Bc5 12. Qe5 O-O 13. Qg5 Rfe8 14. Be5 h6
15. Qg3 Be7 16. Be2 Bc6 17. Rfd1 Qc5 18. Rd4 Bd6 19. Bxd6 Qxd4 20. Be5 Qb6 21.
Bxf6 g6 22. Bd3 Kh7 23. Qf4 Qb7 24. Re1 Rab8 25. Re3 h5 26. Qg5 1-0

[Event "Netanya Open 2019"]
[Site "Netanya ISR"]
[Date "2019.07.02"]
[Round "9.52"]
[White "Reches, Omer"]
[Black "Katkov, Michelle"]
[Result "1/2-1/2"]
[BlackTitle "WFM"]
[WhiteElo "1724"]
[BlackElo "2112"]
[WhiteFideId "2844850"]
[BlackFideId "2816393"]
[EventDate "2019.06.23"]

1. d4 Nf6 2. Nf3 e6 3. Bf4 c5 4. e3 d5 5. c3 Bd6 6. Bg3 Qc7 7. Ne5 Nbd7 8. f4
Ne4 9. Nd2 Nxd2 10. Qxd2 f6 11. Nf3 b6 12. Bd3 Bb7 13. O-O O-O 14. Qc2 f5 15.
Bh4 a5 16. g4 Ba6 17. Bxa6 Rxa6 18. Ng5 Rf6 19. Qe2 Ra8 20. Kh1 Rh6 21. Be1 Re8
22. Qg2 Nf6 23. gxf5 exf5 24. Rg1 Rxe3 25. Bd2 Re7 26. Rae1 Ne4 27. Nxe4 dxe4
28. Qg5 Ree6 29. Qxf5 Rhf6 30. Qd5 Qf7 31. Rxe4 Rxe4 32. Qxe4 cxd4 33. cxd4 Bxf4
34. Bxf4 Rxf4 35. Qa8+ Qf8 36. Qd5+ Kh8 37. h3 Rf3 38. Qh5 Rf5 39. Qg4 Rf4 40.
Qd7 Rf2 41. Qc6 Qb8 42. Rg3 Rxb2 43. Qc1 Rxa2 44. d5 h6 45. Qc3 Qb7 46. Kg1 Qf7
47. Qd4 Qc7 48. Rg2 Qc1+ 49. Kh2 Rxg2+ 50. Kxg2 Qg5+ 51. Kh2 Qd8 52. d6 Kg8 53.
Qd5+ Kf8 54. Qf5+ Ke8 55. Qe6+ 1/2-1/2

[Event "Netanya Open 2019"]
[Site "Netanya ISR"]
[Date "2019.07.02"]
[Round "9.53"]
[White "Kharlamov, Igor"]
[Black "Fudim, Ariel"]
[Result "1/2-1/2"]
[WhiteElo "2019"]
[BlackElo "1754"]
[WhiteFideId "2807971"]
[BlackFideId "2823128"]
[EventDate "2019.06.23"]

1. d4 Nf6 2. Nf3 g6 3. c4 Bg7 4. Nc3 d5 5. cxd5 Nxd5 6. e4 Nxc3 7. bxc3 c5 8.
Rb1 O-O 9. Be2 Nc6 10. d5 Bxc3+ 11. Bd2 Bxd2+ 12. Qxd2 Na5 13. h4 Bg4 14. h5
Bxf3 15. Bxf3 Nc4 16. Qh6 Qa5+ 17. Ke2 Qxa2+ 18. Kd3 Ne5+ 19. Ke3 Nc4+ 20. Kd3
Ne5+ 21. Ke3 Nc4+ 22. Kd3 1/2-1/2

[Event "Netanya Open 2019"]
[Site "Netanya ISR"]
[Date "2019.07.02"]
[Round "9.54"]
[White "Ehrlich, Roy"]
[Black "Kadosh, Lior"]
[Result "1-0"]
[WhiteElo "1938"]
[BlackElo "1649"]
[WhiteFideId "2821001"]
[BlackFideId "2822180"]
[EventDate "2019.06.23"]

1. e4 e5 2. Nc3 Nf6 3. g3 Bc5 4. Bg2 a6 5. Nge2 Ng4 6. O-O d6 7. h3 Nxf2 8. Rxf2
Bxf2+ 9. Kxf2 Nc6 10. d3 Be6 11. Kg1 Qd7 12. Kh2 O-O-O 13. Be3 Rdf8 14. Nd5 h5
15. b4 Qd8 16. c4 g6 17. b5 axb5 18. cxb5 Bxd5 19. exd5 Ne7 20. Rc1 Kd7 21. b6
cxb6 22. Qa4+ Nc6 23. dxc6+ bxc6 24. Qxc6+ Ke7 25. Bg5+ f6 26. Qb7+ Ke6 27. Nd4+
exd4 28. Re1+ Kf5 29. Qe4+ 1-0

[Event "Netanya Open 2019"]
[Site "Netanya ISR"]
[Date "2019.07.02"]
[Round "9.55"]
[White "Pravdivetz, Vladimir"]
[Black "Tal-Shahar, Liam"]
[Result "1-0"]
[WhiteElo "1927"]
[BlackElo "1623"]
[WhiteFideId "2810190"]
[BlackFideId "2825546"]
[EventDate "2019.06.23"]

1. d4 d5 2. Nf3 e6 3. c4 c5 4. e3 Nc6 5. Nc3 Nf6 6. a3 cxd4 7. exd4 Be7 8. Bd3
dxc4 9. Bxc4 O-O 10. O-O Nd5 11. Ne4 h6 12. Qd3 Kh8 13. Rd1 a6 14. Bb3 b5 15.
Ne5 Bb7 16. Qh3 Kh7 17. Qh5 Qe8 18. Qe2 f5 19. Nc3 Nxc3 20. bxc3 Bf6 21. Nd3 e5
22. dxe5 Bxe5 23. Qb2 Qg6 24. f4 Bc7 25. Be3 Na5 26. Ba2 Rfe8 27. Bd4 Qg4 28.
Ne5 Qxf4 29. Rf1 Qe4 30. Rae1 Qh4 31. g3 Qh3 32. Rxf5 Nc4 33. Bxc4 bxc4 34. Qxb7
Qxf5 35. Qxc7 Rac8 36. Qb7 Qf8 37. Qxa6 Qf6 38. Qb7 Rcd8 39. Qe4+ Kg8 40. Rf1
Qa6 41. Qg4 Re7 42. Qf4 Rde8 43. h4 Qb5 44. Ng6 Rd7 45. g4 Qd5 46. h5 Rb7 47.
Qf8+ Kh7 48. Qxe8 Qg2+ 49. Kxg2 Rb2+ 50. Qe2 1-0

[Event "Netanya Open 2019"]
[Site "Netanya ISR"]
[Date "2019.07.02"]
[Round "9.56"]
[White "Volkov, Yuri"]
[Black "Scheinfeild, Michael"]
[Result "1-0"]
[WhiteElo "1886"]
[BlackElo "1582"]
[WhiteFideId "2806878"]
[BlackFideId "2825465"]
[EventDate "2019.06.23"]

1. d4 Nf6 2. Nf3 g6 3. Bg5 Bg7 4. Nc3 d5 5. Bxf6 Bxf6 6. e4 dxe4 7. Nxe4 Bg7 8.
Bc4 O-O 9. h3 Nc6 10. c3 Na5 11. Bd3 Bf5 12. Nc5 Bxd3 13. Nxd3 Nc6 14. O-O e6
15. Re1 b5 16. Qb3 a6 17. a4 Rb8 18. axb5 axb5 19. Ra6 Ne7 20. Nb4 Qd7 21. Rea1
Nd5 22. Nd3 Qe7 23. R1a5 b4 24. c4 Nf6 25. Nfe5 Rb6 26. Rxb6 cxb6 27. Ra4 Ne4
28. Qxb4 Qg5 29. Qe1 f5 30. Ra7 Rd8 31. Qe3 Qh5 32. f3 Bh6 33. Qe1 Nf6 34. Nc6
Re8 35. Ne7+ Kh8 36. Qxe6 Qg5 37. f4 Qh4 38. Qe3 Ne4 39. Nd5 g5 40. Ne5 gxf4 41.
Nf7+ Kg8 42. Nxh6+ Qxh6 43. Qxf4 Qxf4 44. Nxf4 Nd2 45. Nd5 Re1+ 46. Kf2 Rb1 47.
Ne7+ Kf8 48. Nxf5 Rxb2 49. Rxh7 Nxc4+ 50. Kf3 Nd2+ 51. Kf4 b5 52. d5 Nc4 53. g4
Rd2 54. d6 Ke8 55. Rb7 Na3 56. g5 Rf2+ 57. Kg4 Nc4 58. Ng7+ Kf8 59. Ne6+ Kg8 60.
d7 Ne5+ 61. Kg3 Rf3+ 62. Kg2 1-0

[Event "Netanya Open 2019"]
[Site "Netanya ISR"]
[Date "2019.07.02"]
[Round "9.57"]
[White "Zaromb, Charles Irving"]
[Black "Noy, Eyal"]
[Result "1-0"]
[WhiteElo "1738"]
[BlackElo "1885"]
[WhiteFideId "2827760"]
[BlackFideId "2821117"]
[EventDate "2019.06.23"]

1. e4 c5 2. Nf3 d6 3. d4 cxd4 4. Nxd4 Nf6 5. Nc3 a6 6. Bc4 e6 7. Bb3 Be7 8. f4
O-O 9. f5 e5 10. Nde2 Nbd7 11. Ng3 b5 12. Bg5 Bb7 13. Bxf6 Nxf6 14. Nd5 Bxd5 15.
Bxd5 Rc8 16. O-O Qb6+ 17. Kh1 Qc5 18. Bb3 Rfd8 19. Qf3 d5 20. exd5 Nxd5 21. Ne4
Qb6 22. Bxd5 Rxd5 23. Nf6+ Qxf6 24. Qxd5 Rxc2 25. b3 h6 26. Qe4 Rb2 27. Rac1
Rxa2 28. Rc8+ Kh7 29. Rc6 Qh4 30. Qb1 Re2 31. f6+ e4 32. fxe7 Qg5 33. Rg1 Qxe7
34. Rxa6 Qh4 35. Ra2 Re3 36. Qf1 Qe7 37. Qf5+ g6 38. Qxb5 Qe6 39. Qc4 Qd7 40.
Rf1 Kg7 41. Rxf7+ 1-0

[Event "Netanya Open 2019"]
[Site "Netanya ISR"]
[Date "2019.07.02"]
[Round "9.58"]
[White "Sobel, Ido"]
[Black "Zoabi, Jihad"]
[Result "1-0"]
[WhiteElo "1616"]
[BlackElo "1815"]
[WhiteFideId "2816970"]
[BlackFideId "371281920"]
[EventDate "2019.06.23"]

1. e4 c5 2. Nc3 a6 3. f4 b5 4. Nf3 Bb7 5. d3 e6 6. Be2 d5 7. e5 Nc6 8. O-O Nge7
9. Nb1 Nf5 10. c3 g6 11. g4 Nh4 12. d4 h5 13. Nxh4 Qxh4 14. g5 Rc8 15. Be3 c4
16. Kg2 Ne7 17. Qd2 Nf5 18. Bf2 1-0

[Event "Netanya Open 2019"]
[Site "Netanya ISR"]
[Date "2019.07.02"]
[Round "9.59"]
[White "Schnaidman, Itzchak"]
[Black "Zilbershtein, Victor"]
[Result "1-0"]
[WhiteElo "1474"]
[BlackElo "1772"]
[WhiteFideId "2825368"]
[BlackFideId "2810441"]
[EventDate "2019.06.23"]

1. d4 f5 2. e3 Nf6 3. Bd3 e6 4. Nf3 Be7 5. O-O b6 6. Nbd2 Bb7 7. Re1 d5 8. Ne5
O-O 9. c4 c5 10. Ndf3 Ne4 11. Qb3 Nd7 12. Nxd7 Qxd7 13. Ne5 Qd6 14. Bxe4 fxe4
15. Bd2 Rf6 16. Bc3 Ba6 17. dxc5 bxc5 18. Rad1 Rb8 19. Qa4 Rh6 20. Ng4 Rh5 21.
Be5 Rxe5 22. Nxe5 Qxe5 23. Qxa6 Rxb2 24. Qxa7 Bd6 25. g3 Qf5 26. Rf1 h5 27. Qd7
Qe5 28. Qe8+ Kh7 29. cxd5 h4 30. Qxe6 hxg3 31. Qxe5 Bxe5 32. hxg3 c4 33. f4 exf3
34. Rxf3 c3 35. Rf2 Rb6 36. Kg2 Rg6 37. Rf3 Rb6 38. Rc1 Kg8 39. Rc2 Rd6 40. e4
Rb6 41. Re3 Bd4 42. Ree2 Kf7 43. Re1 Kf6 44. a4 Ke5 45. a5 Ra6 46. Ra2 Bc5 47.
Rea1 Bd4 48. Rd1 Bb6 49. Kf3 Rxa5 50. Rxa5 Bxa5 51. Ke3 Bd8 52. Kd3 Bf6 53. Re1
g6 54. Kxc3 Be7 55. Kd3 Bc5 56. Rc1 Kd6 57. Rxc5 Kxc5 58. Ke3 g5 59. Kf3 1-0

[Event "Netanya Open 2019"]
[Site "Netanya ISR"]
[Date "2019.07.02"]
[Round "9.60"]
[White "Smoliar, Klim"]
[Black "Kinberg, Raz"]
[Result "1-0"]
[WhiteElo "1871"]
[BlackElo "1407"]
[WhiteFideId "2811251"]
[BlackFideId "2839814"]
[EventDate "2019.06.23"]

1. e4 e5 2. Nf3 Nc6 3. Nc3 Nf6 4. d4 exd4 5. Nd5 d6 6. Nxd4 Nxd5 7. exd5 Nxd4 8.
Qxd4 Qf6 9. Qxf6 gxf6 10. Bd3 Bg7 11. Bf4 O-O 12. f3 Bd7 13. g4 f5 14. gxf5 Bxb2
15. Rb1 Bc3+ 16. Kf2 Rab8 17. Rhg1+ Kh8 18. Rg5 Rg8 19. Rh5 Bf6 20. Rb4 Rbe8 21.
Be4 Rb8 22. Rc4 Rbc8 23. Rh6 Bg7 24. Rh3 Bf6 25. Bd2 Rg7 26. Rh6 Bg5 27. Bxg5
Rxg5 28. h4 Rxf5 29. Bxf5 Bxf5 30. Rf6 Bg6 31. Rxd6 Bf5 32. Rf6 Bg6 33. d6 1-0

[Event "Netanya Open 2019"]
[Site "Netanya ISR"]
[Date "2019.07.02"]
[Round "9.61"]
[White "Lazebnikov, Yefim"]
[Black "Kinberg, Ofer"]
[Result "0-1"]
[WhiteElo "1444"]
[BlackElo "1962"]
[WhiteFideId "2831171"]
[BlackFideId "2805766"]
[EventDate "2019.06.23"]

1. b3 Nf6 2. Bb2 e6 3. e3 d5 4. Nf3 Be7 5. c4 c5 6. d3 Nc6 7. Nbd2 O-O 8. a3 a5
9. Qc2 d4 10. exd4 cxd4 11. Be2 e5 12. O-O h6 13. Rfe1 Bf5 14. Bf1 Nd7 15. Ne4
Bh7 16. Rac1 f5 17. Ng3 Bc5 18. Nd2 Qc7 19. Qd1 Rae8 20. Qh5 Nf6 21. Qd1 e4 22.
Nh5 Ng4 23. f3 Qxh2# 0-1

[Event "Netanya Open 2019"]
[Site "Netanya ISR"]
[Date "2019.07.02"]
[Round "9.62"]
[White "Lomakin, Vladimir"]
[Black "Regenbogen, Yoseph"]
[Result "1-0"]
[WhiteElo "1430"]
[BlackElo "1806"]
[WhiteFideId "2813700"]
[BlackFideId "2814358"]
[EventDate "2019.06.23"]

1. e4 e6 2. d4 d5 3. Nc3 Nf6 4. Bg5 Be7 5. e5 Nfd7 6. h4 a6 7. Qg4 Bxg5 8. hxg5
Qe7 9. Bd3 Nf8 10. Nge2 c5 11. dxc5 Nc6 12. Qg3 Qxc5 13. g6 fxg6 14. Bxg6+ Nxg6
15. Rxh7 Rxh7 16. Qxg6+ Kd8 17. Qxh7 Qf8 18. f4 Bd7 19. O-O-O Kc7 20. f5 Qxf5
21. Qxf5 exf5 22. Nxd5+ Kb8 23. Nb6 Be6 24. Rd6 Bc8 25. Nxa8 Kxa8 26. e6 Kb8 27.
Nf4 Kc7 28. Rd3 Ne7 29. Rg3 Kd6 30. Rxg7 Bxe6 31. Nxe6 Kxe6 32. Kd2 Kf6 33. Rh7
b5 34. b4 f4 35. Kd3 Nd5 36. c3 Ne3 37. g3 Nd5 38. gxf4 Nxf4+ 39. Ke4 Ne2 40.
Kd3 Nf4+ 41. Kc2 Ke5 42. Ra7 Ke4 43. Rxa6 Ng2 44. Kd2 Nh4 45. Rf6 Ke5 46. Rb6 1-0

[Event "Netanya Open 2019"]
[Site "Netanya ISR"]
[Date "2019.07.02"]
[Round "9.64"]
[White "Segev, Ido"]
[Black "Mendler, Omer"]
[Result "0-1"]
[WhiteElo "1382"]
[BlackElo "1231"]
[WhiteFideId "2833441"]
[BlackFideId "2843552"]
[EventDate "2019.06.23"]

1. e4 e5 2. Nf3 Nc6 3. Bc4 Be7 4. d3 d6 5. c3 Nf6 6. O-O Bg4 7. Be3 O-O 8. Nbd2
a6 9. a4 d5 10. exd5 Nxd5 11. Qc2 Kh8 12. d4 exd4 13. Nxd4 Nxd4 14. Bxd4 c5 15.
Be3 f5 16. Nb3 f4 17. Bxc5 Bxc5 18. Nxc5 f3 19. Qe4 Nf6 20. Qd3 Qb6 21. b4 Rad8
22. Qe3 Rfe8 23. Ne6 Qxe3 24. fxe3 Bxe6 25. Bxe6 Rxe6 26. Rxf3 Rd3 27. Re1 Rxc3
28. e4 Rc8 29. h3 h6 30. Rd3 Rce8 31. e5 Rxe5 32. Rb1 Re1+ 33. Rxe1 Rxe1+ 34.
Kf2 Rb1 35. Rd4 Kg8 36. g4 Kf7 37. Rc4 Nd5 38. Rd4 Ke6 39. b5 axb5 40. axb5 Rxb5
41. Re4+ Kd6 42. Rd4 Rb2+ 43. Kg3 Rb3+ 44. Kf2 Rxh3 45. Rd1 b5 46. Ra1 Rc3 47.
Ra7 Rc7 48. Ra6+ Rc6 49. Ra7 Nc7 50. Ra1 b4 51. Rd1+ Nd5 52. Kf3 b3 53. Rb1 Rb6
54. Rb2 Kc5 55. Rb1 b2 0-1

[Event "Netanya Open 2019"]
[Site "Netanya ISR"]
[Date "2019.07.02"]
[Round "9.66"]
[White "Neeman, Ori"]
[Black "Sivan, Guy"]
[Result "0-1"]
[WhiteElo "1285"]
[BlackElo "1246"]
[WhiteFideId "2837897"]
[BlackFideId "2838397"]
[EventDate "2019.06.23"]

1. e4 c5 2. Bc4 Nc6 3. a3 e6 4. d3 d5 5. exd5 exd5 6. Qe2+ Be6 7. Ba2 Nf6 8. Bg5
h6 9. Bxf6 Qxf6 10. Nc3 O-O-O 11. Nf3 d4 12. Bxe6+ fxe6 13. Ne4 Qf7 14. Nfd2 Be7
15. O-O-O Rhf8 16. Nc4 e5 17. Qg4+ Kb8 18. Kb1 b5 19. Ncd2 c4 20. dxc4 bxc4 21.
Qg3 g5 22. Nf3 Rd5 23. Ned2 Rb5 24. a4 Ra5 25. b3 cxb3 26. cxb3 Qg6+ 27. Kb2 Bb4
28. Nc4 Bc3+ 29. Kc1 Nb4 30. Rd2 Bxd2+ 31. Kd1 Qc2+ 32. Ke2 d3+ 33. Kf1 Qd1+ 0-1